000 00318nam a22001217a 4500
008 160506b xxu||||| |||| 00| 0 eng d
020 _a9781550092134
020 _a1550092138
041 _aeng
080 _a61
245 _aCancer medicine;
_cDonald W.Kufe MD;Paphael E.Pollock;Palph R. Weichselbaum;
942 _2udc
_cBK
999 _c1843
_d1843